Santander (Record no. 138630)

MARC details
000 -LEADER
campo de control de longitud fija 00668nam a2200181 4500
001 - NÚMERO DE CONTROL
campo de control 138630
003 - IDENTIFICADOR DE NÚMERO DE CONTROL
campo de control ES-MaACL
005 - FECHA Y HORA DE LA ÚLTIMA TRANSACCIÓN
campo de control 20250902092515.0
007 - CAMPO FIJO DE DESCRIPCIÓN FÍSICA--INFORMACIÓN GENERAL
campo de control de longitud fija t|
008 - DATOS DE LONGITUD FIJA--INFORMACIÓN GENERAL
campo de control de longitud fija 070214n19201929sp r ||||1| spa d
245 00 - MENCIÓN DEL TÍTULO
Título Santander
Resto del título : Sardinero : ciudad de verano : (folleto de propaganda editado por la `Sociedad para el Fomento de Santander` y la `Real Sociedad de Amigos del Sardinero`).
260 ## - PUBLICACIÓN, DISTRIBUCIÓN, ETC.
Lugar de publicación, distribución, etc. Santander :
Nombre del editor, distribuidor, etc. Aldus,
Fecha de publicación, distribución, etc. [192_?]
300 ## - DESCRIPCIÓN FÍSICA
Extensión 12 h. :
Otras características físicas il. ;
Dimensiones 17 x 12 cm.
710 2# - ENTRADA AGREGADA--NOMBRE DE ENTIDAD CORPORATIVA
Nombre de entidad corporativa o nombre de jurisdicción como elemento de entrada Sociedad para el Fomento de Santander.
9 (RLIN) 6801
710 2# - ENTRADA AGREGADA--NOMBRE DE ENTIDAD CORPORATIVA
Nombre de entidad corporativa o nombre de jurisdicción como elemento de entrada Real Sociedad Amigos del Sardinero
9 (RLIN) 6380
852 ## - LOCALIZACIÓN
Ubicación ES-MaACL
Número de control de estantería 1647-F-17
Sublocalización o colección R.4434
Holdings
Estatus retirado Estado de pérdida Estado de daño No para préstamo Colección Biblioteca de origen Biblioteca actual Ubicación en estantería Fecha de adquisición Fuente de adquisición Total de préstamos Signatura topográfica completa Código de barras Visto por última vez Precio de reemplazo Tipo de ítem Koha
        Colección de folletos Biblioteca del Ateneo de Madrid Biblioteca del Ateneo de Madrid Depósito folletos 17/01/2008     1647-F-17 1144258 23/02/2023 23/02/2023 Folleto